[Event "5th FIDE GP"]
[Site "Jermuk ARM"]
[Date "2009.08.09"]
[Round "1"]
[White "Ivanchuk, Vassily"]
[Black "Aronian, Levon"]
[Result "1/2-1/2"]
[WhiteElo "2703"]
[BlackElo "2768"]
[PlyCount "91"]
[EventDate "2009.08.09"]

1. e4 e5 2. Nf3 Nc6 3. Bc4 Bc5 4. d3 Nf6 5. Nc3 d6 6. Na4 Bb6 7. c3 Ne7 8. O-O
Ng6 9. Re1 O-O 10. Nxb6 axb6 11. Bb3 Re8 12. Bd2 h6 13. a4 Bd7 14. h3 Bc6 15.
Bc2 d5 16. b4 dxe4 17. dxe4 Bd7 18. Be3 Be6 19. Nd2 Qe7 20. Qe2 Red8 21. Red1
Nd7 22. Qf3 Qh4 23. Nf1 Qf6 24. Nh2 Qxf3 25. Nxf3 f6 26. Nd2 Ne7 27. Nb3 Nc8
28. a5 Nd6 29. Rdb1 Kf7 30. f3 Ke7 31. Kf2 Rdc8 32. Bd3 Bc4 33. Ke2 Ra6 34.
axb6 Rxa1 35. Nxa1 cxb6 36. Nc2 Ra8 37. Ra1 Rxa1 38. Nxa1 b5 39. Nc2 Bxd3+ 40.
Kxd3 Nc4 41. Bf2 Kd6 42. Ne3 Nxe3 43. Bxe3 h5 44. g4 hxg4 45. hxg4 g5 46. Kc2
1/2-1/2

[Event "5th FIDE GP"]
[Site "Jermuk ARM"]
[Date "2009.08.09"]
[Round "1"]
[White "Gelfand, Boris"]
[Black "Eljanov, Pavel"]
[Result "1/2-1/2"]
[WhiteElo "2755"]
[BlackElo "2716"]
[PlyCount "96"]
[EventDate "2009.08.09"]

1. d4 d5 2. Nf3 Nf6 3. c4 c6 4. e3 Bf5 5. Nc3 e6 6. Nh4 Be4 7. f3 Bg6 8. Qb3
Qb6 9. Nxg6 hxg6 10. Bd2 Nbd7 11. O-O-O Qxb3 12. axb3 Bd6 13. h3 Nh5 14. Bd3
Ng3 15. Rhe1 O-O 16. Kb1 a6 17. Rc1 Rac8 18. Red1 Rfe8 19. Be1 g5 20. Rc2 Bb8
21. Bf2 g6 22. e4 dxe4 23. Bxe4 Nf6 24. Bd3 Rcd8 25. Na4 Nf5 26. Bxf5 gxf5 27.
Nc5 Re7 28. g4 Ba7 29. b4 Bxc5 30. bxc5 f4 31. h4 Nh7 32. Re2 f6 33. d5 e5 34.
hxg5 Nxg5 35. Bh4 Nh7 36. d6 Re6 37. Rg1 Nf8 38. g5 f5 39. g6 Rd7 40. Be7 Nxg6
41. Bg5 Kf8 42. Reg2 Kf7 43. Bh4 e4 44. Rg5 Nxh4 45. Rg7+ Ke8 46. Rg8+ Kf7 47.
R8g7+ Ke8 48. Rg8+ Kf7 1/2-1/2

[Event "5th FIDE GP"]
[Site "Jermuk ARM"]
[Date "2009.08.09"]
[Round "1"]
[White "Alekseev, Evgeny"]
[Black "Akopian, Vladimir"]
[Result "1/2-1/2"]
[WhiteElo "2714"]
[BlackElo "2712"]
[PlyCount "94"]
[EventDate "2009.08.09"]

1. e4 e5 2. Nf3 Nc6 3. Bb5 a6 4. Ba4 Nf6 5. O-O Be7 6. Re1 b5 7. Bb3 d6 8. c3
O-O 9. h3 Na5 10. Bc2 c5 11. d4 Qc7 12. Nbd2 cxd4 13. cxd4 Nc6 14. Nb3 a5 15.
Be3 a4 16. Nbd2 Bd7 17. Rc1 Qb7 18. Qe2 Rfe8 19. Bd3 Rab8 20. dxe5 Nxe5 21.
Nxe5 dxe5 22. Bc5 Bc6 23. Nf3 Nd7 24. Bxe7 Rxe7 25. Rc3 Nf8 26. Rec1 Be8 27. b4
f6 28. a3 Ne6 29. Bb1 Rd8 30. Ba2 Bf7 31. Rc6 h6 32. g3 Kh8 33. Bd5 Nd4 34.
Nxd4 Bxd5 35. exd5 exd4 36. Qd3 Qd7 37. Qxd4 Qxd5 38. Qxd5 Rxd5 39. R6c5 Rd3
40. R1c3 Re1+ 41. Kg2 Rxc3 42. Rxc3 g5 43. Rc5 Ra1 44. Rxb5 Rxa3 45. Ra5 Kg7
46. b5 Rb3 47. Rxa4 Rxb5 1/2-1/2

[Event "5th FIDE GP"]
[Site "Jermuk ARM"]
[Date "2009.08.09"]
[Round "1"]
[White "Kasimdzhanov, Rustam"]
[Black "Karjakin, Sergey"]
[Result "1/2-1/2"]
[WhiteElo "2672"]
[BlackElo "2717"]
[PlyCount "64"]
[EventDate "2009.08.09"]

1. d4 Nf6 2. c4 e6 3. Nf3 b6 4. g3 Ba6 5. b3 Bb4+ 6. Bd2 Be7 7. Bg2 c6 8. Bc3
d5 9. Ne5 Nfd7 10. Nxd7 Nxd7 11. Nd2 O-O 12. O-O Rc8 13. e4 c5 14. exd5 exd5
15. dxc5 dxc4 16. cxb6 Nxb6 17. Re1 cxb3 18. Qxb3 Re8 19. Rad1 Bf8 20. Nf1 Qc7
21. Rxe8 Rxe8 22. Ne3 Bb7 23. Bxb7 Qxb7 24. Qb5 Rc8 25. Bd4 Rd8 26. Bxb6 Rxd1+
27. Nxd1 axb6 28. Nb2 Qe4 29. Na4 Qe1+ 30. Kg2 Qe4+ 31. Kg1 Qe1+ 32. Kg2 Qe4+
1/2-1/2

[Event "5th FIDE GP"]
[Site "Jermuk ARM"]
[Date "2009.08.10"]
[Round "2"]
[White "Jakovenko, Dmitrij"]
[Black "Kamsky, Gata"]
[Result "1-0"]
[WhiteElo "2760"]
[BlackElo "2717"]
[PlyCount "57"]
[EventDate "2009.08.09"]

1. Nf3 Nf6 2. c4 c6 3. d4 d5 4. Nc3 a6 5. e3 g6 6. Bd3 Bg7 7. O-O O-O 8. Qb3 e6
9. e4 dxe4 10. Bxe4 Nbd7 11. Be3 Qc7 12. c5 Ng4 13. Bg5 e5 14. Be7 exd4 15. Na4
Qf4 16. Rfe1 Re8 17. Bd6 Be5 18. Bc2 Re6 19. h3 Nxf2 20. Nxe5 Nxe5 21. Rf1 Nf3+
22. Qxf3 Qxf3 23. gxf3 Nxh3+ 24. Kh1 Re2 25. Bd1 Nf2+ 26. Rxf2 Rxf2 27. Kg1 Rd2
28. Nb6 Ra7 29. Nc4 1-0

[Event "5th FIDE GP"]
[Site "Jermuk ARM"]
[Date "2009.08.10"]
[Round "2"]
[White "Bacrot, Etienne"]
[Black "Kasimdzhanov, Rustam"]
[Result "1/2-1/2"]
[WhiteElo "2721"]
[BlackElo "2672"]
[PlyCount "60"]
[EventDate "2009.08.09"]

1. e4 e5 2. Nf3 Nf6 3. Nxe5 d6 4. Nf3 Nxe4 5. d4 d5 6. Bd3 Nc6 7. O-O Be7 8.
Nc3 Bf5 9. Re1 Nxc3 10. bxc3 Bxd3 11. Qxd3 O-O 12. Bf4 Bd6 13. Ng5 g6 14. Qh3
h5 15. Qg3 Bxf4 16. Qxf4 Qd7 17. Nf3 Kg7 18. Rab1 b6 19. Re3 Rae8 20. Rbe1 Rxe3
21. Qxe3 Qf5 22. Re2 Rd8 23. h4 Qf6 24. Qd3 Rd7 25. Re8 Re7 26. Ra8 Qf4 27. Qa6
Qc1+ 28. Kh2 Qf4+ 29. Kg1 Qc1+ 30. Kh2 Qf4+ 1/2-1/2

[Event "5th FIDE GP"]
[Site "Jermuk ARM"]
[Date "2009.08.11"]
[Round "3"]
[White "Gelfand, Boris"]
[Black "Bacrot, Etienne"]
[Result "1/2-1/2"]
[WhiteElo "2755"]
[BlackElo "2721"]
[PlyCount "94"]
[EventDate "2009.08.09"]

1. Nf3 Nf6 2. c4 e6 3. g3 d5 4. d4 dxc4 5. Bg2 Bb4+ 6. Bd2 c5 7. a3 Bxd2+ 8.
Nbxd2 cxd4 9. Nxc4 Nc6 10. O-O O-O 11. Rc1 Re8 12. b4 a6 13. Nfe5 Nxe5 14. Nxe5
Qd6 15. Nc4 Qd8 16. Ne5 Qd6 17. Nc4 Qd8 18. f4 Rb8 19. Qd2 d3 20. e3 e5 21.
fxe5 Ng4 22. Nd6 Nxe5 23. Nxe8 Qxe8 24. Rc5 b6 25. Rxe5 Qxe5 26. Qxd3 Be6 27.
Qd4 Qc7 28. Qf4 Qd8 29. Rc1 Rc8 30. Rxc8 Qxc8 31. h4 h6 32. Qd4 Qc1+ 33. Kh2
Qxa3 34. Qxb6 g6 35. Qd8+ Kh7 36. Qd4 h5 37. Bd5 Bxd5 38. Qxd5 Qb2+ 39. Kh3 Qf2
40. Qe4 Qf1+ 41. Kh2 Qf2+ 42. Kh3 Qg1 43. Qd5 Kg8 44. Qd8+ Kg7 45. Qd4+ Kh7 46.
Qd5 Kg7 47. Qd4+ Kh7 1/2-1/2

[Event "5th FIDE GP"]
[Site "Jermuk ARM"]
[Date "2009.08.11"]
[Round "3"]
[White "Eljanov, Pavel"]
[Black "Karjakin, Sergey"]
[Result "1/2-1/2"]
[WhiteElo "2716"]
[BlackElo "2717"]
[PlyCount "139"]
[EventDate "2009.08.09"]

1. d4 Nf6 2. c4 e6 3. Nf3 b6 4. g3 Ba6 5. b3 Bb4+ 6. Bd2 Be7 7. Bg2 c6 8. O-O
d5 9. Qc2 Nbd7 10. Bf4 O-O 11. Rd1 Rc8 12. Nc3 Qe8 13. e4 dxc4 14. Bh3 h6 15.
Nd2 b5 16. bxc4 bxc4 17. Bf1 Nb6 18. a4 Bb4 19. a5 Nbd7 20. Bxc4 Bb5 21. Qb3
Bxc3 22. Qxc3 Qe7 23. Re1 Rfe8 24. Rac1 Bxc4 25. Qxc4 e5 26. Be3 exd4 27. Bxd4
c5 28. Bc3 Ne5 29. Bxe5 Qxe5 30. Kg2 Qc7 31. Nb3 Nd7 32. Red1 Qb7 33. Qd5 Qxd5
34. Rxd5 c4 35. Rxd7 cxb3 36. Rxc8 Rxc8 37. Rb7 Rc5 38. a6 Ra5 39. Rxa7 f5 40.
f3 Ra1 41. Rb7 fxe4 42. fxe4 Rxa6 43. Kf3 Ra2 44. h4 Rb2 45. Kg4 Rb1 46. Kf5
Kh7 47. h5 b2 48. Ke5 Kg8 49. Rb8+ Kf7 50. g4 g5 51. Rb7+ Kg8 52. Rb3 Kg7 53.
Rb7+ Kg8 54. Ke6 Re1 55. Rxb2 Rxe4+ 56. Kf5 Ra4 57. Rb8+ Kg7 58. Rb7+ Kg8 59.
Re7 Rb4 60. Rd7 Ra4 61. Re7 Rb4 62. Re4 Rxe4 63. Kxe4 Kf8 64. Kd4 Ke8 65. Ke4
Kf8 66. Kd5 Kf7 67. Kd6 Kf6 68. Kd5 Kf7 69. Kd6 Kf6 70. Kd5 1/2-1/2

[Event "5th FIDE GP"]
[Site "Jermuk ARM"]
[Date "2009.08.11"]
[Round "3"]
[White "Alekseev, Evgeny"]
[Black "Inarkiev, Ernesto"]
[Result "1-0"]
[WhiteElo "2714"]
[BlackElo "2675"]
[PlyCount "145"]
[EventDate "2009.08.09"]

1. Nf3 Nf6 2. c4 g6 3. Nc3 Bg7 4. e4 d6 5. d4 O-O 6. Be2 e5 7. O-O Nc6 8. d5
Ne7 9. Ne1 Nd7 10. f3 f5 11. g4 Nf6 12. Nd3 c6 13. Be3 Kh8 14. Kh1 Bd7 15. Rg1
Be8 16. Qd2 fxe4 17. fxe4 b5 18. b3 Rc8 19. g5 Nxe4 20. Nxe4 cxd5 21. cxd5 Nxd5
22. Rgc1 Bc6 23. Rxc6 Rxc6 24. Bg1 Qa8 25. Bf1 Rfc8 26. Nb4 Nxb4 27. Qxb4 Rc2
28. Bg2 d5 29. Nf2 e4 30. Rd1 Rc1 31. Qd2 R8c2 32. Qxc1 Rxc1 33. Rxc1 h6 34.
gxh6 Bxh6 35. Rc7 Qd8 36. Rxa7 Be3 37. Rb7 Qf8 38. Nxe4 Qc8 39. Rf7 Qe6 40. Rf6
Qg4 41. Bxe3 dxe4 42. Rf8+ Kg7 43. Re8 Qe2 44. Rxe4 Qxa2 45. b4 Qb1+ 46. Bg1 g5
47. h3 Qd1 48. Re5 Kf6 49. Rxb5 g4 50. Rd5 Qe1 51. Rd4 gxh3 52. Bxh3 Qg3 53.
Bg4 Qb3 54. Kg2 Qb2+ 55. Bf2 Qb3 56. Bd7 Qg8+ 57. Bg4 Qg5 58. Kf3 Qb5 59. Ke3
Qa6 60. Be2 Qa3+ 61. Bd3 Qc1+ 62. Ke2 Qb2+ 63. Kf3 Qb3 64. b5 Qd1+ 65. Kg2 Ke5
66. b6 Qb3 67. Re4+ Kd6 68. Be2 Qg8+ 69. Rg4 Qb3 70. Bf3 Ke5 71. b7 Kf6 72. Bg3
Qc2+ 73. Kh3 1-0

[Event "5th FIDE GP"]
[Site "Jermuk ARM"]
[Date "2009.08.12"]
[Round "4"]
[White "Bacrot, Etienne"]
[Black "Eljanov, Pavel"]
[Result "1/2-1/2"]
[WhiteElo "2721"]
[BlackElo "2716"]
[PlyCount "110"]
[EventDate "2009.08.09"]

1. e4 e5 2. Nf3 Nc6 3. Bb5 a6 4. Ba4 Nf6 5. O-O Be7 6. Re1 b5 7. Bb3 d6 8. c3
O-O 9. h3 Bb7 10. d4 Re8 11. Nbd2 Bf8 12. d5 Nb8 13. Nf1 Nbd7 14. N3h2 Nc5 15.
Bc2 c6 16. b4 Ncd7 17. dxc6 Bxc6 18. Bg5 Be7 19. Ne3 g6 20. Bxf6 Nxf6 21. Nhg4
Nxg4 22. hxg4 Bg5 23. Qf3 Bxe3 24. Rxe3 Bd7 25. Bb3 Be6 26. Rd3 Rc8 27. Bxe6
Rxe6 28. a4 Qg5 29. Qd1 bxa4 30. Qxa4 Qxg4 31. Qxa6 Ree8 32. Qb7 Rc4 33. Re3
Qc8 34. Qxc8 Rexc8 35. Ra3 R8c7 36. Kf1 f5 37. f3 Kf7 38. Ke2 Ke6 39. Kd3 h5
40. Re1 h4 41. Rb1 fxe4+ 42. fxe4 d5 43. exd5+ Kxd5 44. Re1 e4+ 45. Rxe4 Rxc3+
46. Rxc3 Rxc3+ 47. Kxc3 Kxe4 48. Kc4 Ke5 49. Kd3 g5 50. Ke3 g4 51. b5 Kd5 52.
Kf4 h3 53. gxh3 gxh3 54. Kg3 Kc5 55. Kxh3 Kxb5 1/2-1/2

[Event "5th FIDE GP"]
[Site "Jermuk ARM"]
[Date "2009.08.12"]
[Round "4"]
[White "Jakovenko, Dmitrij"]
[Black "Gelfand, Boris"]
[Result "1/2-1/2"]
[WhiteElo "2760"]
[BlackElo "2755"]
[PlyCount "59"]
[EventDate "2009.08.09"]

1. d4 Nf6 2. c4 e6 3. Nc3 Bb4 4. Qc2 d5 5. cxd5 exd5 6. Bg5 c5 7. dxc5 h6 8.
Bh4 g5 9. Bg3 Ne4 10. Bxb8 Bxc3+ 11. bxc3 Rxb8 12. Qa4+ Bd7 13. Qd4 O-O 14. f3
Nf6 15. g4 b6 16. c6 Bxc6 17. h4 Re8 18. hxg5 hxg5 19. e3 Qd6 20. Ne2 Bb5 21.
Kf2 Bxe2 22. Bxe2 Rbc8 23. Bd3 Qe5 24. Rac1 Kg7 25. Rc2 Re7 26. a4 Rce8 27. Re2
Rc8 28. Rc2 Rce8 29. Re2 Rc8 30. Rc2 1/2-1/2

[Event "5th FIDE GP"]
[Site "Jermuk ARM"]
[Date "2009.08.12"]
[Round "4"]
[White "Inarkiev, Ernesto"]
[Black "Cheparinov, Ivan"]
[Result "1/2-1/2"]
[WhiteElo "2675"]
[BlackElo "2678"]
[PlyCount "120"]
[EventDate "2009.08.09"]

1. e4 c5 2. Nf3 d6 3. d4 cxd4 4. Nxd4 Nf6 5. Nc3 a6 6. Be3 Ng4 7. Bc1 Nf6 8.
Be3 Ng4 9. Bg5 h6 10. Bh4 g5 11. Bg3 Bg7 12. h3 Ne5 13. f3 Nbc6 14. Bf2 Ng6 15.
Qd2 Nxd4 16. Bxd4 Bxd4 17. Qxd4 Qa5 18. h4 gxh4 19. Rxh4 Qg5 20. Rh1 Be6 21.
Rd1 Rc8 22. Rd2 Rg8 23. Qb6 Ne5 24. Kd1 Qg3 25. Rxh6 Rc5 26. Be2 Bc4 27. Qxb7
Nxf3 28. Bxf3 Qxf3+ 29. Kc1 Qf1+ 30. Nd1 Be6 31. e5 Qf4 32. exd6 exd6 33. Qb8+
Kd7 34. Qa7+ Ke8 35. Rh1 Rd5 36. Qf2 Qxd2+ 37. Qxd2 Rxd2 38. Kxd2 Rxg2+ 39. Kc3
Re2 40. Kd3 Re5 41. Ne3 a5 42. c4 Ke7 43. Rh4 Rg5 44. b3 Kd7 45. a3 Kc6 46. b4
axb4 47. axb4 Rg1 48. Rh8 Kb7 49. Re8 Rb1 50. Kc3 Rc1+ 51. Kd4 Rb1 52. b5 Rh1
53. Rd8 Kc7 54. Ra8 Rh4+ 55. Kd3 Rh3 56. Ra7+ Kb6 57. Ra6+ Kc7 58. Ra7+ Kb6 59.
Ra6+ Kc7 60. Ra7+ Kb6 1/2-1/2

[Event "5th FIDE GP"]
[Site "Jermuk ARM"]
[Date "2009.08.13"]
[Round "5"]
[White "Karjakin, Sergey"]
[Black "Bacrot, Etienne"]
[Result "1-0"]
[WhiteElo "2717"]
[BlackElo "2721"]
[PlyCount "99"]
[EventDate "2009.08.09"]

1. e4 e5 2. Nf3 Nc6 3. Bb5 a6 4. Ba4 Nf6 5. O-O Be7 6. Re1 b5 7. Bb3 O-O 8. h3
Bb7 9. d3 d6 10. a3 Na5 11. Ba2 c5 12. Nbd2 Nc6 13. Nf1 Bc8 14. c3 Be6 15. Bxe6
fxe6 16. b4 d5 17. Ng3 dxe4 18. Nxe4 Nxe4 19. Rxe4 Qd5 20. Qe2 Rad8 21. Ne1 Qb3
22. Qa2 Qxa2 23. Rxa2 Rd5 24. Kf1 Nb8 25. Ke2 Nd7 26. Nf3 Rd8 27. Bd2 Bf6 28.
g4 g6 29. c4 Rd6 30. Be3 Rc6 31. cxb5 axb5 32. bxc5 Nxc5 33. Rc2 Nxe4 34. Rxc6
Nd6 35. Ng5 Bxg5 36. Bxg5 Rd7 37. f3 Kg7 38. Bd2 Kf6 39. Rb6 h5 40. Be1 hxg4
41. hxg4 Nc8 42. Rxb5 Ne7 43. a4 Nd5 44. Bd2 Rh7 45. a5 Rh2+ 46. Kd1 Rh1+ 47.
Kc2 Ra1 48. Kb2 Ra4 49. Rb7 Nf4 50. Rb3 1-0

[Event "5th FIDE GP"]
[Site "Jermuk ARM"]
[Date "2009.08.13"]
[Round "5"]
[White "Kamsky, Gata"]
[Black "Inarkiev, Ernesto"]
[Result "1-0"]
[WhiteElo "2717"]
[BlackElo "2675"]
[PlyCount "135"]
[EventDate "2009.08.09"]

1. e4 e5 2. Nf3 Nf6 3. Nxe5 d6 4. Nf3 Nxe4 5. d4 d5 6. Bd3 Be7 7. O-O Nc6 8.
Nc3 Nxc3 9. bxc3 Bg4 10. h3 Bh5 11. Rb1 Rb8 12. g4 Bg6 13. Ne5 Bxd3 14. Nxd3
O-O 15. Qf3 Na5 16. Bf4 Rc8 17. Rfe1 c6 18. Re2 Bg5 19. Bxg5 Qxg5 20. Rbe1 f5
21. Qg3 f4 22. Qf3 Qd8 23. Nc5 Rf7 24. Ne6 Qh4 25. Re5 Nc4 26. Rh5 Qe7 27. Rf5
Re8 28. Qxf4 Rf6 29. Rxf6 Qxf6 30. Qxf6 gxf6 31. f4 Na3 32. f5 Nxc2 33. Re2 Na3
34. Kf2 Nb5 35. Re3 Nd6 36. Kf3 Kf7 37. Kf4 h6 38. h4 Rh8 39. Re1 b6 40. a4 a5
41. Re2 Re8 42. Rb2 Nc4 43. Rh2 Rh8 44. Re2 Nd6 45. Re1 Re8 46. Rb1 b5 47. Ra1
bxa4 48. Rxa4 Ra8 49. Nc5 Ra7 50. Ra1 Nb5 51. g5 hxg5+ 52. hxg5 fxg5+ 53. Kxg5
Nxc3 54. Rh1 Kg8 55. f6 Rh7 56. Re1 Ne4+ 57. Kg6 Ra7 58. Nxe4 dxe4 59. Rxe4 Kf8
60. Rh4 Kg8 61. Rh1 Rb7 62. d5 c5 63. d6 c4 64. Rd1 Rd7 65. Rb1 Rd8 66. Rb7 c3
67. Rg7+ Kf8 68. Rh7 1-0

[Event "5th FIDE GP"]
[Site "Jermuk ARM"]
[Date "2009.08.15"]
[Round "6"]
[White "Inarkiev, Ernesto"]
[Black "Kasimdzhanov, Rustam"]
[Result "0-1"]
[WhiteElo "2675"]
[BlackElo "2672"]
[PlyCount "106"]
[EventDate "2009.08.09"]

1. e4 e5 2. Nf3 Nf6 3. d4 Nxe4 4. Bd3 d5 5. dxe5 Nc5 6. Be2 Be7 7. O-O O-O 8.
Be3 c6 9. Nbd2 Ne6 10. Nb3 c5 11. Re1 b6 12. c4 Bb7 13. Bd3 dxc4 14. Bxc4 Nc6
15. Qb1 Qd7 16. Qf5 Rad8 17. a3 Qc8 18. Rad1 Ng5 19. Qxc8 Nxf3+ 20. gxf3 Bxc8
21. f4 Be6 22. Rxd8 Rxd8 23. Bxe6 fxe6 24. Rc1 h6 25. Nd2 Nd4 26. Kg2 Nf5 27.
Kf3 g5 28. Ne4 gxf4 29. Bxf4 Rd3+ 30. Ke2 Rb3 31. Rb1 c4 32. Nd2 Rd3 33. Be3
Nxe3 34. fxe3 b5 35. b3 Bg5 36. Rg1 Rxe3+ 37. Kf2 Rh3 38. Nf3 c3 39. Nxg5 hxg5
40. Rxg5+ Kf7 41. Ke2 c2 42. Kd2 Rxb3 43. Kxc2 Rxa3 44. h4 a5 45. Rg4 Ra4 46.
Rxa4 bxa4 47. Kb2 Kg6 48. Ka3 Kh5 49. Kxa4 Kxh4 50. Kxa5 Kg5 51. Kb4 Kf4 52.
Kc3 Kxe5 53. Kd3 Kf4 0-1

[Event "5th FIDE GP"]
[Site "Jermuk ARM"]
[Date "2009.08.15"]
[Round "6"]
[White "Jakovenko, Dmitrij"]
[Black "Karjakin, Sergey"]
[Result "1/2-1/2"]
[WhiteElo "2760"]
[BlackElo "2717"]
[PlyCount "102"]
[EventDate "2009.08.09"]

1. Nf3 Nf6 2. c4 b6 3. g3 c5 4. Bg2 Bb7 5. O-O e6 6. b3 Be7 7. Bb2 O-O 8. e3 d6
9. Qe2 Nbd7 10. Rd1 Rc8 11. d4 cxd4 12. Nxd4 Bxg2 13. Kxg2 Qc7 14. Nc3 a6 15.
Rac1 Qb7+ 16. Qf3 Qxf3+ 17. Kxf3 Rc7 18. Ke2 Rfc8 19. f4 Kf8 20. f5 Nc5 21.
fxe6 fxe6 22. Rf1 Kf7 23. Ba3 h6 24. Rcd1 Bf8 25. e4 Re8 26. Nf3 Kg8 27. e5
dxe5 28. Nxe5 Kh7 29. Bb2 Rb8 30. Ba1 Be7 31. Rf3 Ne8 32. b4 Nb7 33. Nd7 Rd8
34. Nf8+ Kg8 35. Nxe6 Rxd1 36. Kxd1 Rc6 37. Nd4 Rxc4 38. Nd5 Bf6 39. Nxf6+ Nxf6
40. Nc2 Ne4 41. Ra3 a5 42. bxa5 Nxa5 43. Bd4 Rc6 44. Re3 Nf2+ 45. Kc1 Nc4 46.
Re7 Nd3+ 47. Kd1 g5 48. Ke2 Nc1+ 49. Kd1 Nd3 50. Ke2 Nc1+ 51. Kd1 Nd3 1/2-1/2

[Event "5th FIDE GP"]
[Site "Jermuk ARM"]
[Date "2009.08.15"]
[Round "6"]
[White "Leko, Peter"]
[Black "Bacrot, Etienne"]
[Result "1/2-1/2"]
[WhiteElo "2756"]
[BlackElo "2721"]
[PlyCount "103"]
[EventDate "2009.08.09"]

1. d4 Nf6 2. c4 e6 3. Nf3 b6 4. g3 Ba6 5. Qc2 Bb7 6. Bg2 c5 7. d5 exd5 8. cxd5
Nxd5 9. O-O Be7 10. Rd1 Nc6 11. Qa4 Nf6 12. Nh4 Qc8 13. Nf5 Nd4 14. Nxd4 cxd4
15. Qxd4 O-O 16. Nc3 Re8 17. Qd3 Bxg2 18. Kxg2 Bb4 19. Bd2 Qc6+ 20. f3 d5 21.
Rac1 Qe6 22. Re1 Rac8 23. a3 Bc5 24. Nb5 a6 25. Nd4 Bxd4 26. Qxd4 Rxc1 27. Bxc1
Nd7 28. Bd2 Nc5 29. Bc3 f6 30. e3 Qc6 31. Rd1 Na4 32. Rd3 Qc4 33. g4 Nxc3 34.
Qxc3 Qxc3 35. Rxc3 d4 36. exd4 Re2+ 37. Kg3 Rxb2 38. Kf4 Rxh2 39. Rc6 Ra2 40.
Rxb6 Rxa3 41. Rb7 Ra5 42. Ra7 g6 43. Ke4 h6 44. d5 Ra4+ 45. Ke3 Kf8 46. d6 Ke8
47. Re7+ Kd8 48. Rf7 f5 49. gxf5 gxf5 50. Rxf5 Kd7 51. Rh5 Kxd6 52. Rxh6+
1/2-1/2